000 00413nam a22001817a 4500
003 MPLRDC
005 20220104114615.0
008 210129b ||||| |||| 00| 0 eng d
020 _a7-80151-964-7
082 _a420 WCR
100 _a吴楚人主编
245 _a窍门
_c
250 _a一版一刷
260 _a
_b海潮
_c2005
300 _b
650 _a家事;家政总论
942 _cBK
_o420 WCR
999 _c8803
_d8793